000 01892nam a22004937a 4500
001 BRCA_9253
003 FranzMayer
005 20231011110143.0
008 230714b |||||||| |||| 00| 0 eng d
020 _a9786073073820
040 _aMFM
_besp
_cMFM
041 _aesp
050 0 _aPC4065
_bC65 2023
110 1 _aColegio Nacional
_928690
240 1 _aHablar y vivir en América
_lesp
245 0 _aHablar y vivir en América
260 _aCDMX, México
_bColegio Nacional
_c2023
300 _a557 p
_bilustraciones a color
_c26 cm
500 _aL60/N5
505 0 _aDestinado a: lingüistas, filólogos, investigadores, historiadoresTexto en: espIncluye índice (temático)
610 1 _aColegio de México
_928691
650 1 _2Español
_aAmérica
_928692
_vHistoria
651 2 _2Lengua española
_aAdquisición
_928836
700 1 _4Aut
_aBertolotti, Virginia
_928693
700 1 _4Aut.
_aBeyer Ruiz, María Elena
_928694
700 1 _4Aut
_aCorbella, Dolores
_928695
700 1 _4Aut
_aGil, Juan
_928696
700 1 _4Aut.
_aGutiérrez Reyna, Jorge
_928697
700 1 _4Aut.
_aHernández Triviño, Ascensión
_928698
700 1 _4Aut.
_aLeón Cázares, Maria del Carmen
_928699
700 1 _4Aut.
_aRamírez Luengo, José Luis
_928700
700 1 _4Aut.
_aRubial, Antonio.
_928701
700 1 _4Aut
_aRuiz Tresgallo, Silvia
_928702
700 1 _4Aut.
_aRuíz, Humberto Mario
_928703
700 1 _4Aut
_aTrejo Rivera, Flor
_928704
700 1 _4Dir. Ed.
_aCruz Atienza, Alejandro
_928705
700 1 _4Coor. Ed
_aÁvila Urbina, Maria Elena
_928706
700 1 _4Coor. Prod
_aGuerrero Esperón, Alejandra
_928707
700 1 _4Corr.
_aFlores Monroy, Mariana
_928708
700 1 _4Corr.
_aAguilar Santana, Daniela Ivette
_928709
700 1 _4Ico.
_aNájera Plascencia, Selene
_928710
710 1 _aUNAM
_bInstituto de investigaciones filológicas
_928711
942 _2lcc
_cB
999 _c10872
_d10872